Score 0/29 Timer 04:00
0 Plays Today
Clue 3-Letter Word % Correct
¥ Currency of Japan ¥YEN
96.8%
The Fresh Prince of ___-AirBEL
95.4%
A victoryWIN
95.2%
Actor Affleck of 'Argo'BEN
95.1%
Actor Cruise or HardyTOM
94.6%
Word before Jovi or Iver in bandsBON
94%
An aircraft with fast enginesJET
93.3%
Take a small drink of a drinkSIP
93.1%
A snake-like fishEEL
92.4%
The 'blood' of a treeSAP
91.7%
AllowLET
91.3%
A spinning toyTOP
90.9%
The cover of a containerLID
90.9%
Male offspringSON
90.3%
₩ Currency of North and South Korea ₩WON
88.8%
Clue 3-Letter Word % Correct
Greed or pride, e.g.SIN
87.5%
Interjection after seeing a mouseEEK
85.7%
A baby goatKID
84.7%
$ Currency of Uzbekistan and Kyrgyzstan $SOM
83.9%
$ Currency of Albania $LEK
79.6%
Soak up moistureSOP
78.9%
₭ Currency of Laos ₭KIP
78.8%
Was in charge of an armyLED
74.5%
Former NFL quarterback DawsonLEN
69.7%
Actor Mineo of the 1950'sSAL
61.9%
$ Currency of Peru (with Nuevo) $SOL
58.7%
A game, in FrenchJEU
46.1%
$ Currency of Moldova and Romania $LEU
40.5%
$ Currency of Bulgaria $LEV
31.1%

Today's Daily Dose

Missing Word
'T' Pairs

Word Ladder
Game Pieces

Get the Picture
Baseball Movies

Remove Ads.
Support Sporcle.
Get the best of Sporcle when you Go Orange. This ad-free experience offers more features, more stats, and more fun while also helping to support Sporcle. Thank you for becoming a member.

You're not logged in!

Compare scores with friends on all Sporcle quizzes.
OR
Log In

Show Comments

Extras

Top Quizzes Today


Score Distribution

Your Account Isn't Verified!

In order to create a playlist on Sporcle, you need to verify the email address you used during registration. Go to your Sporcle Settings to finish the process.

Report this User

Report this user for behavior that violates our Community Guidelines.

Details: